000 00331nam a22001337a 4500
008 180226b xxu||||| |||| 00| 0 eng d
020 _a9780226816258
041 _aeng
080 _a37
100 _a25
101 _aEDU
245 _aA manual for writers of term papers, theses and dissertatons
_cTurabian,K.L
942 _2udc
_cBK
999 _c43478
_d43478